Implementácia simulácií do oblasti teórie rizika v neživotnom poistení habilitačná práca

Saved in:
Bibliographic Details
Main Author: Mucha, Vladimír, 1976-
Corporate Author: Fakulta hospodárskej informatiky EU. Katedra matematiky a aktuárstva
Format: Book
Language:Slovak
Published: Bratislava 2015
Subjects:
Tags: Add Tag
No Tags, Be the first to tag this record!

MARC

LEADER 00000nbm a2200000 4500
001 0209244
005 20240502073457.1
041 0 |a slo 
044 |a SK 
245 1 0 |a Implementácia simulácií do oblasti teórie rizika v neživotnom poistení  |b habilitačná práca  |c Vladimír Mucha 
264 1 |a Bratislava  |c 2015 
300 |a 98 s. 
610 2 0 |a poistenie neživotné 
610 2 0 |a riziko 
610 2 0 |a riziko poistné 
610 2 0 |a simulácia 
100 1 |a Mucha, Vladimír, 1976- 
710 2 |a Fakulta hospodárskej informatiky EU. Katedra matematiky a aktuárstva